| 000 | 00685nam a22002177a 4500 | ||
|---|---|---|---|
| 005 | 20141121114228.0 | ||
| 010 | _aENG-111230 | ||
| 020 |
_a9780198099772 _c995.00 |
||
| 020 |
_a0198099770 _c995.00 |
||
| 035 | _aEN-94762 | ||
| 037 | _bDBAD/PUB | ||
| 082 | _a954.3 | ||
| 245 |
_aA concise history of south India : _cedited by Noboru [and] Karashima _bissues and interpretation / |
||
| 260 |
_aNew Delhi _bOxford University Press _c2014 |
||
| 270 |
_aYMCA Library building, 1 Jai Singh Road _bNew Delhi _e110001 |
||
| 300 |
_axxi, 396p. : _c25cm(pbk) _bill. |
||
| 500 | _aIncludes index | ||
| 700 | _aNoboru | ||
| 700 | _aKarashima | ||
| 942 |
_2ddc _cEN _mCON _h954.3 |
||
| 999 |
_c90040 _d90040 |
||